000
00345nam a2200157Ia 4500
100
_a
Dr.Ignacimuthu S
650
_a
Philosophy
942
_c
BK
366
_f
25
654
_a
happy
245
_a
Being happy and successfull
260
_b
Better Yourself Books
_a
Bandra
_c
2001
082
_a
170/IGN
_b
IGN
300
_a
139
546
_a
ENGLISH
999
_c
34247
_d
34247